00642nam a2200217Ia 4500003000900000008004100009040001300050040001300063041000800076100002200084245003600106250001200142260001200154260000900166300001100175300001000186490000600196942000700202999001700209952019800226IT-RoPAU120407s9999 xx 000 0 und d aIT-RoPAU cIT-RoPAU aita aGaetano Chiavacci aSaggio sulla natura dell’uomo aFirenze aSansoni c1936 a116 p. c24 cm v1 cBK c24563d24563 00102ddc406104_45000000000000071aPAULUSbPAULUSd2012-04-11l0o104.45r2012-04-11 00:00:00w2012-04-11yBKzInserito da: LuigiG In data: 27 ottobre 2011 fondo: Via A.Severo 56 Progr:31689